[Event "HUN-chT2 Maroczy 0910"]
[Site "Hungary"]
[Date "2009.11.22"]
[Round "2"]
[White "Horvath, Andras"]
[Black "Szabolcsi, Janos"]
[Result "1/2-1/2"]
[WhiteElo "2283"]
[BlackElo "2373"]
[PlyCount "133"]
[EventDate "2009.11.08"]
[EventType "team-tourn"]
[EventRounds "11"]
[EventCountry "HUN"]
[SourceTitle "EXT 2011"]
[Source "ChessBase"]
[SourceDate "2010.11.26"]
[SourceVersion "1"]
[SourceVersionDate "2010.11.26"]
[SourceQuality "1"]
[WhiteTeam "MLTC II"]
[BlackTeam "Nyiregyhaza"]
[WhiteTeamCountry "HUN"]
[BlackTeamCountry "HUN"]

1. e4 c5 2. Nf3 e6 3. d4 cxd4 4. Nxd4 Nc6 5. Nc3 Qc7 6. Be2 a6 7. 0-0 Nf6 8. Kh1 Bb4 9. Qd3 0-0 10. Bg5 Be7 11. f4 d6 12. Rad1 Rd8 13. Qg3 Bd7 14. Nf5 exf5 15. Bxf6 Bxf6 16. Nd5 Qa5 17. Nxf6+ Kh8 18. Nxd7 Rxd7 19. exf5 f6 20. a3 Re8 21. Bh5 Red8 22. Rfe1 Ne7 23. b4 Qc7 24. Re2 Nxf5 25. Qh3 Nh6 26. Rde1 d5 27. Re8+ Ng8 28. Bg6 h6 29. Rxd8 Qxd8 30. Bd3 Re7 31. Qg3 Qd6 32. Rf1 g5 33. h3 a5 34. bxa5 Qxa3 35. fxg5 hxg5 36. Qf3 Qxa5 37. Qh5+ Kg7 38. Qg6+ Kh8 39. Qh5+ Kg7 40. Qg6+ Kh8 41. Rxf6 Qa1+ 42. Rf1 Qg7 43. Qh5+ Qh6 44. Qg4 Nf6 45. Qd4 Kg7 46. Bf5 g4 47. Qb4 Qe3 48. Bxg4 d4 49. Bf3 Kg6 50. Rd1 Rd7 51. Re1 Qf2 52. Re6 Kf5 53. Re2 Qf1+ 54. Kh2 Kg6 55. Qb5 Qc1 56. Qe5 Qg5 57. Qxg5+ Kxg5 58. Re5+ Kf4 59. Re6 Kf5 60. Rb6 Rc7 61. Rb5+ Kf4 62. Rb6 Ne4 63. Rb4 Ke3 64. Rb3+ Kf4 65. Rb4 Ke3 66. Rb3+ Kf4 67. Rb4 1/2-1/2

[Event "HUN-chT2 Maroczy 0910"]
[Site "Hungary"]
[Date "2009.11.08"]
[Round "1"]
[White "Popovics, Adam"]
[Black "Horvath, Andras"]
[Result "1-0"]
[WhiteElo "2394"]
[BlackElo "2283"]
[PlyCount "77"]
[EventDate "2009.11.08"]
[EventType "team-tourn"]
[EventRounds "11"]
[EventCountry "HUN"]
[SourceTitle "EXT 2011"]
[Source "ChessBase"]
[SourceDate "2010.11.26"]
[SourceVersion "1"]
[SourceVersionDate "2010.11.26"]
[SourceQuality "1"]
[WhiteTeam "Hajduboszormeny"]
[BlackTeam "MLTC II"]
[WhiteTeamCountry "HUN"]
[BlackTeamCountry "HUN"]

1. d4 Nf6 2. c4 e6 3. Nc3 Bb4 4. Qc2 d5 5. a3 Bxc3+ 6. Qxc3 Ne4 7. Qc2 Nc6 8. e3 e5 9. f3 Nf6 10. dxe5 Nxe5 11. cxd5 Qxd5 12. e4 Qe6 13. Ne2 0-0 14. Nd4 Qe7 15. Be2 c5 16. Nb5 c4 17. Nd4 Bd7 18. 0-0 Rfd8 19. Qc3 b5 20. Bg5 h6 21. Bh4 Ng6 22. Bf2 Nf4 23. Rfe1 a6 24. Bf1 Rdc8 25. Qd2 g5 26. h4 Nh7 27. e5 Rd8 28. g3 Nd5 29. hxg5 hxg5 30. a4 Nf8 31. axb5 axb5 32. Rxa8 Rxa8 33. Nxb5 Be6 34. Bxc4 Rd8 35. Nd6 Nf4 36. gxf4 Bxc4 37. Bb6 Rd7 38. Qg2 Rxd6 39. Bc5 1-0